| 000 | 006570000a22001930004500 | ||
|---|---|---|---|
| 020 | _a0-89922-572-1 | ||
| 041 | 0 | _aSPA | |
| 082 | 0 | 4 | _aG 253.53 M1161c |
| 100 | 1 | _aMacArthur Jr., John F. | |
| 245 | 1 | 0 | _aUna nueva mirada a la consejería bíblica : Guía básica de principios y práctica de la consejería / John F. MacArthur, Wayne A. Mack ; Jorge Sánchez, Traductor |
| 260 | _aNashville, TN., USA : Caribe | ||
| 300 | _a382 Pag | ||
| 500 | _aTítulo original : Introduction to biblical counseling | ||
| 001 | 6514 | ||
| 942 | _cBK | ||
| 999 |
_c36784 _d36784 |
||
| 336 |
_atexto _btxt _2rdacontent |
||
| 337 |
_2rdamedia _asin mediación _bn |
||
| 338 |
_2rdacarrier _avolumen _bnc |
||